Pays d'Afrique du nord au sud sur une carte vierge - Statistiques

Statistiques générales
  • Ce quiz a été pris 186 fois
  • Le résultat moyen est 24 sur 54
Réponses sur la Carte
Les réponses sont colorées sur une échelle allant du rouge au vert en fonction du pourcentage des utilisateurs qui les ont devinées à leur premier essai. Vous pouvez retrouver ces pourcentages ci-dessous.
 
Statistiques - réponses
Réponse % Correct
Tunisie
99%
Algérie
96%
Maroc
93%
Égypte
89%
Libye
89%
Mauritanie
86%
Mali
83%
Niger
79%
Tchad
76%
Soudan
74%
Érythrée
63%
Sénégal
49%
Cap Vert
48%
Éthiopie
48%
Burkina Faso
47%
Nigeria
44%
Gambie
43%
Cameroun
41%
Djibouti
37%
Bénin
36%
Guinée
36%
Guinée-Bissau
36%
Somalie
35%
Soudan du Sud
35%
Ghana
33%
Kenya
33%
Ouganda
33%
République Centrafricaine
33%
République démocratique du Congo
33%
République du Congo
33%
Togo
33%
Angola
32%
Côte d'Ivoire
32%
Guinée équatoriale
32%
Liberia
32%
Mozambique
32%
Rwanda
32%
Sierra Leone
32%
Zambie
32%
Burundi
31%
Gabon
31%
Malawi
31%
Sao Tomé-et-Principe
31%
Afrique du sud
30%
Botswana
30%
Comores
30%
Madagascar
30%
Namibie
30%
Tanzanie
30%
Zimbabwe
30%
Eswatini
29%
Île Maurice
29%
Seychelles
29%
Lesotho
28%
Aucun quiz correspondant
Distribution des résultats
% des personnes avec chaque résultat
Percentile par nombre de réponses
Votre historique - résultats
Vous n’avez pas pris ce quiz